00443nam a2200145Ia 4500008004100000020001800041082001600059100002100075245008600096260003100182300001700213650002500230650001500255650002700270220501s2021 xx 000 0 eng d a9788126558599 a158.7 SPE-I aSpector, Paul E. 0aIndustrial and organizational psychology research and practice /cPaul E. Spector aNew Delhi :bWiley,c2021. axxi, 441p. ; aPersonnel management aPsychology aPsychology, Industrial